|
|
|
|
| LEADER |
01139nam a2200301 a 4500 |
| 001 |
27748 |
| 003 |
BD-DhAAL |
| 005 |
20131114111023.0 |
| 008 |
131114r19981996enk b 001 0 eng |
| 010 |
|
|
|a 95047706
|
| 020 |
|
|
|a 0745612482 (alk. paper)
|
| 020 |
|
|
|a 0745616348 (pbk. : alk. paper)
|
| 040 |
|
|
|a DLC
|c DLC
|d DLC
|d BD-DhAAL
|
| 050 |
0 |
0 |
|a HM126
|b .M57 1996
|
| 082 |
0 |
0 |
|a 301
|2 20
|
| 100 |
1 |
|
|a Misztal, Barbara A.
|9 3509
|
| 245 |
1 |
0 |
|a Trust in modern societies :
|b the search for the bases of social order /
|c Barbara A. Misztal.
|
| 260 |
|
|
|a Cambridge, U.K. :
|b Polity Press ;
|a Cambridge, Mass. :
|b Blackwell Publishers, Inc.,
|c 1996. [Reprinted 1998]
|
| 300 |
|
|
|a vi, 296 p. ;
|c 23 cm.
|
| 504 |
|
|
|a Includes bibliographical references (p. [270]-287) and index.
|
| 541 |
|
|
|e 27748
|
| 650 |
|
0 |
|a Solidarity.
|9 3510
|
| 650 |
|
0 |
|a Trust.
|9 3511
|
| 650 |
|
0 |
|a Civil society.
|9 3512
|
| 650 |
|
0 |
|a Social contract.
|9 3513
|
| 942 |
|
|
|2 ddc
|c BK
|
| 999 |
|
|
|c 14085
|d 14085
|
| 952 |
|
|
|0 0
|1 0
|2 ddc
|4 0
|6 301_000000000000000_MIS
|7 0
|9 23676
|a IGS
|b IGS
|c GEN
|d 2013-11-14
|e Karim International
|g 2220.00
|l 0
|o 301 MIS
|p 3010027748
|r 2013-11-14
|t 1
|w 2013-11-14
|y BK
|